L'épigraphie arabe de l'exposition d'art persan du Caire /

محفوظ في:

المؤلف الرئيسي: Wiet, Gaston, 1887-1971 (مؤلف)

التنسيق: كتاب

اللغة: French

منشور في: Le Caire : Imprimerie de l'Institut français d'archéologie orientale, 1935.

سلاسل: Memoires de l'Institut d'Egypte ; 26.
MIE ; 26.

الموضوعات:

الوسوم: إضافة وسم

لا توجد وسوم, كن أول من يضع وسما على هذه التسجيلة!

رقم الطلب: DT43 .I625 v.26

LEADER 00789namaa2200241 4500
001 18860
003 OSt
005 20260317072344.0
008 130303s1935 ua af 000 0 fre d
040 |c ARCE Library 
050 4 |a DT43 .I625 v.26 
100 1 |a Wiet, Gaston,  |d 1887-1971,  |e author 
245 1 2 |a L'épigraphie arabe de l'exposition d'art persan du Caire /  |c Gaston Wiet. 
264 1 |a Le Caire :  |b Imprimerie de l'Institut français d'archéologie orientale,  |c 1935.  
300 |a 19 pages :   |b illustrations, 10 plates ;   |c 28 cm. 
490 1 |a Memoires de l'Institut d'Egypte ;   |v 26. 
490 1 |a MIE ;   |v 26. 
650 0 |a Inscriptions, Arabic. 
830 0 |a Memoires de l'Institut d'Egypte ;   |v 26. 
830 0 |a MIE ;   |v 26. 
901 |a reviewed 
942 |c BK  |2 lcc 
999 |c 15928  |d 15928